000 00933cab a2200253 4500
001 ABS52403
008 090401t1995 xxu||||| |||| 00| 0 eng d
035 _a(Sirsi) u76164
041 _aeng
100 _aRycroft, M.
245 _aContractors and certifiers - or your life in their hands!
260 _c1995
350 _a0
490 _aCivil Engineering Surveyor
_v20(2) March 1995, 13(1)
520 _aExamines the legal position of the certifier in contractual law, explaining the responsibilities and duty of care owed to the contractor and the liabilities for negligence binding both parties. Follows changing legal fashion and highlights relevant caselaw.
650 _aCERTIFIERS
650 _aDUTY OF CARE
650 _aIMMUNITY
650 _aMICHAEL SALLISS & CO LTD V CALIL
650 _aSUTCLIFFE V THACKRAH
690 _aBUILT ENVIRONMENT-BUILDING CONTRACT FORMS
942 _n0
948 _c04/03/1997
999 _c47925
_d47925